1827 1860 1415 1609 1055 1896 1881 1087 1891 1715 2000 1860 1546 1395 1009 1393 1671 1232 1963 1158 1411 1202 1739 1901 1763 1610 1119 1936 1732 1662 1461 1578 1308 1217 1651 1288 1430 1354 1781 1798 1869 1306 1878 1655 1572 1351 1372 1164 1739 1951 1759 1451 1730 1358 1059 1053 1564 1918 1601 1051 1889 1205 1331 1942 1752 1459 1131 1700 1716 1370 1213 1704 1783 1219 1193 1556 1673 1342 1130 1072 1175 1392 1442 1167 1149 1933 1960 1140 1257 1125 1631 1532 1441 1306 1158 1454 1911 1640 1939 BCNSPRNW ULIB Ver.6.0+V

เปลี่ยนเป็นภาษาไทย

Change to English
 แสดงรายละเอียดบรรณานุกรม
  กลับหน้าหลัก

Brief Record : Get Marc (ISO 2709) : E-mail record : QR code < ปิดหน้าต่าง
LEADER : 00000nam 2200000uu 4500
001    13399108281
003     ULIB
008    110225s2545||||th 000 0 tha d
020    9743406549
060 04 WS200^bว896 2545
245 00 เวชปฏิบัติทางกุมารเวชศาสตร์ /^cนวลอนงค์ วิศิษฏสุนทร ...[และคนอื่นๆ]
250    พิมพ์ครั้งที่ 1
260    กรุงเทพฯ :^bชวนพิมพ์,^c2545
300    410 หน้า :^bภาพประกอบ ;^c26 ซม.
650  7 กุมารเวชศาสตร์
653    ผลงานอาจารย์คณะแพทยศาสตร์ศิริราชพยาบาล
700 0  นวลอนงค์ วิศิษฏสุนทร
945    ^p350^l0^i015358
945    ^p350^l0^i015359
945    ^p350^l0^i015357
945    ^p350^l0^i025553
945    ^p350^l0^i025554
995    ทศพร
999 ^a ใช้งานได้ทุกระบบ
รายการนี้ยังไม่มีแท็ก
คุณยังไม่ได้ล็อกอิน คุณสามารถมีกิจกรรมร่วมกับเว็บไซต์ได้ แต่ต้องล็อกอินก่อน ::
  ล็อกอิน

รายการสื่อสารสนเทศ

ลำดับที่ ประเภท เลขเรียก/บาร์โค้ด สถานที่ สถานะ
- ไม่พบข้อมูล -

รายการใกล้เคียง
    หัวเรื่อง [กุมารเวชศาสตร์]

BibComment


ยังไม่เคยถูกคอมเมนท์

คอมเมนท์ทรัพยากรรายการนี้
  คอมเมนท์: เวชปฏิบัติทางกุมา..


 Copyright 2026. Bcnsprnw @Library